Villes d'Europe de plus d'un million d'habitants (avec une carte) - Statistiques

Statistiques générales
  • Ce quiz a été pris 112 fois
  • Le résultat moyen est 28 sur 40
Réponses sur la Carte
Les réponses sont colorées sur une échelle allant du rouge au vert en fonction du pourcentage des utilisateurs qui les ont devinées à leur premier essai. Vous pouvez retrouver ces pourcentages ci-dessous.
 
Statistiques - réponses
Pays Ville Population % Correct
Allemagne Berlin 3,7 mln
100%
Royaume-Uni Londres 8,8 mln
100%
France Paris 2,1 mln
100%
Espagne Barcelone 1,7 mln
99%
Espagne Madrid 3,4 mln
99%
Italie Rome 2,7 mln
99%
Belgique Bruxelles 2 mln
98%
Italie Milan 1,3 mln
96%
Russie Moscou 13,2 mln
96%
Irlande Dublin 1,2 mln
94%
Pays-Bas Amsterdam 1,1 mln
93%
Grèce Athènes 3,1 mln
93%
Pologne Varsovie 1,8 mln
93%
Turquie Istanbul 15,2 mln
90%
Ukraine Kyiv 3 mln
90%
Autriche Vienne 2 mln
90%
Danemark Copenhague 1,4 mln
89%
Allemagne Munich 1,5 mln
89%
Russie Saint-Pétersbourg 5,6 mln
88%
Roumanie Bucarest 1,7 mln
84%
République tchèque Prague 1,4 mln
84%
Hongrie Budapest 1,7 mln
83%
Biélorussie Minsk 2 mln
81%
Bulgaria Sofia 1,2 mln
78%
Allemagne Hambourg 1,8 mln
77%
Serbia Belgrade 1,2 mln
74%
Royaume-Uni Birmingham 1,1 mln
69%
Belgique Anvers 1 mln
65%
Ukraine Odessa 1 mln
55%
Allemagne Cologne 1 mln
53%
Ukraine Kharkov 1,4 mln
35%
Russie Rostov-sur-le-Don 1,1 mln
30%
Russie Kazan 1,3 mln
29%
Russie Nijni Novgorod 1,2 mln
28%
Russie Krasnodar 1,1 mln
27%
Russie Volgograd 1 mln
27%
Russie Perm 1 mln
16%
Russie Samara 1,1 mln
15%
Russie Oufa 1,1 mln
12%
Russie Voronej 1 mln
8%
Aucun quiz correspondant
Distribution des résultats
% des personnes avec chaque résultat
Percentile par nombre de réponses
Votre historique - résultats
Vous n’avez pas pris ce quiz